<?xml version="1.0" encoding="UTF-8"?>
<record
    xmlns:xsi="http://www.w3.org/2001/XMLSchema-instance"
    xsi:schemaLocation="http://www.loc.gov/MARC21/slim http://www.loc.gov/standards/marcxml/schema/MARC21slim.xsd"
    xmlns="http://www.loc.gov/MARC21/slim">

  <leader>00472nam a2200181   4500</leader>
  <controlfield tag="003">SEACOMEC</controlfield>
  <controlfield tag="005">20250307132046.0</controlfield>
  <controlfield tag="008">250121b        |||||||| |||| 00| 0 eng d</controlfield>
  <datafield tag="020" ind1=" " ind2=" ">
    <subfield code="a">0070612781</subfield>
    <subfield code="c">267.00</subfield>
  </datafield>
  <datafield tag="040" ind1=" " ind2=" ">
    <subfield code="a">SEACOMEC</subfield>
  </datafield>
  <datafield tag="082" ind1=" " ind2=" ">
    <subfield code="a">621.3191</subfield>
    <subfield code="b">S848</subfield>
  </datafield>
  <datafield tag="100" ind1=" " ind2=" ">
    <subfield code="a">Stevenson, D. William </subfield>
  </datafield>
  <datafield tag="245" ind1=" " ind2=" ">
    <subfield code="a">ELEMENTS OF POWER SYSTEM ANALYSIS/ </subfield>
    <subfield code="c"> D. William Stevenson</subfield>
  </datafield>
  <datafield tag="250" ind1=" " ind2=" ">
    <subfield code="a">4th ed</subfield>
  </datafield>
  <datafield tag="260" ind1=" " ind2=" ">
    <subfield code="a">New Delhi</subfield>
    <subfield code="b">McGraw Hill</subfield>
    <subfield code="c">1982</subfield>
  </datafield>
  <datafield tag="300" ind1=" " ind2=" ">
    <subfield code="a">436 p</subfield>
  </datafield>
  <datafield tag="942" ind1=" " ind2=" ">
    <subfield code="c">BOOK</subfield>
  </datafield>
  <datafield tag="952" ind1=" " ind2=" ">
    <subfield code="0">0</subfield>
    <subfield code="1">0</subfield>
    <subfield code="2">ddc</subfield>
    <subfield code="4">0</subfield>
    <subfield code="7">0</subfield>
    <subfield code="a">SEACOMEC</subfield>
    <subfield code="b">SEACOMEC</subfield>
    <subfield code="d">2008-07-26</subfield>
    <subfield code="l">0</subfield>
    <subfield code="o">621.3191 S848</subfield>
    <subfield code="p">12186</subfield>
    <subfield code="r">2025-01-21 12:24:38</subfield>
    <subfield code="w">2025-01-21</subfield>
    <subfield code="y">BOOK</subfield>
  </datafield>
  <datafield tag="952" ind1=" " ind2=" ">
    <subfield code="0">0</subfield>
    <subfield code="1">0</subfield>
    <subfield code="2">ddc</subfield>
    <subfield code="4">0</subfield>
    <subfield code="7">0</subfield>
    <subfield code="a">SEACOMEC</subfield>
    <subfield code="b">SEACOMEC</subfield>
    <subfield code="d">2008-07-26</subfield>
    <subfield code="l">0</subfield>
    <subfield code="o">621.3191 S848</subfield>
    <subfield code="p">12187</subfield>
    <subfield code="r">2025-01-21 12:24:38</subfield>
    <subfield code="t">1</subfield>
    <subfield code="w">2025-01-21</subfield>
    <subfield code="y">BOOK</subfield>
  </datafield>
  <datafield tag="952" ind1=" " ind2=" ">
    <subfield code="0">0</subfield>
    <subfield code="1">0</subfield>
    <subfield code="2">ddc</subfield>
    <subfield code="4">0</subfield>
    <subfield code="7">0</subfield>
    <subfield code="a">SEACOMEC</subfield>
    <subfield code="b">SEACOMEC</subfield>
    <subfield code="d">2009-03-03</subfield>
    <subfield code="l">0</subfield>
    <subfield code="o">621.3191 S848</subfield>
    <subfield code="p">14081</subfield>
    <subfield code="r">2025-03-07 13:18:13</subfield>
    <subfield code="t">2</subfield>
    <subfield code="w">2025-03-07</subfield>
    <subfield code="y">BOOK</subfield>
  </datafield>
  <datafield tag="952" ind1=" " ind2=" ">
    <subfield code="0">0</subfield>
    <subfield code="1">0</subfield>
    <subfield code="2">ddc</subfield>
    <subfield code="4">0</subfield>
    <subfield code="7">0</subfield>
    <subfield code="a">SEACOMEC</subfield>
    <subfield code="b">SEACOMEC</subfield>
    <subfield code="d">2009-03-03</subfield>
    <subfield code="l">0</subfield>
    <subfield code="o">621.3191 S848</subfield>
    <subfield code="p">14082</subfield>
    <subfield code="r">2025-03-07 13:18:13</subfield>
    <subfield code="t">3</subfield>
    <subfield code="w">2025-03-07</subfield>
    <subfield code="y">BOOK</subfield>
  </datafield>
  <datafield tag="952" ind1=" " ind2=" ">
    <subfield code="0">0</subfield>
    <subfield code="1">0</subfield>
    <subfield code="2">ddc</subfield>
    <subfield code="4">0</subfield>
    <subfield code="7">0</subfield>
    <subfield code="a">SEACOMEC</subfield>
    <subfield code="b">SEACOMEC</subfield>
    <subfield code="d">2009-03-03</subfield>
    <subfield code="l">0</subfield>
    <subfield code="o">621.3191 S848</subfield>
    <subfield code="p">14083</subfield>
    <subfield code="r">2025-03-07 13:18:13</subfield>
    <subfield code="t">4</subfield>
    <subfield code="w">2025-03-07</subfield>
    <subfield code="y">BOOK</subfield>
  </datafield>
  <datafield tag="952" ind1=" " ind2=" ">
    <subfield code="0">0</subfield>
    <subfield code="1">0</subfield>
    <subfield code="2">ddc</subfield>
    <subfield code="4">0</subfield>
    <subfield code="7">0</subfield>
    <subfield code="a">SEACOMEC</subfield>
    <subfield code="b">SEACOMEC</subfield>
    <subfield code="d">2009-03-03</subfield>
    <subfield code="l">0</subfield>
    <subfield code="o">621.3191 S848</subfield>
    <subfield code="p">14084</subfield>
    <subfield code="r">2025-03-07 13:18:13</subfield>
    <subfield code="t">5</subfield>
    <subfield code="w">2025-03-07</subfield>
    <subfield code="y">BOOK</subfield>
  </datafield>
  <datafield tag="952" ind1=" " ind2=" ">
    <subfield code="0">0</subfield>
    <subfield code="1">0</subfield>
    <subfield code="2">ddc</subfield>
    <subfield code="4">0</subfield>
    <subfield code="7">0</subfield>
    <subfield code="a">SEACOMEC</subfield>
    <subfield code="b">SEACOMEC</subfield>
    <subfield code="d">2009-03-03</subfield>
    <subfield code="l">0</subfield>
    <subfield code="o">621.3191 S848</subfield>
    <subfield code="p">14085</subfield>
    <subfield code="r">2025-03-07 13:18:13</subfield>
    <subfield code="t">6</subfield>
    <subfield code="w">2025-03-07</subfield>
    <subfield code="y">BOOK</subfield>
  </datafield>
  <datafield tag="999" ind1=" " ind2=" ">
    <subfield code="c">1952</subfield>
    <subfield code="d">1952</subfield>
  </datafield>
</record>
